|
|
|
|
| LEADER |
00920nam a2200241 a 4500 |
| 001 |
GR-MES1526 |
| 008 |
991111s1985 nyu b 001 b eng d |
| 020 |
|
|
|a 0070268401
|
| 040 |
|
|
|a GrPaTEI
|b gre
|c GR-PaULI
|
| 245 |
0 |
0 |
|a Monetary theory.
|
| 260 |
|
|
|a New York :
|b McGraw-Hill,
|c 1985
|
| 300 |
|
|
|a 481σ. :
|b διαγρ.
|
| 504 |
|
|
|a Περιλαμβάνει ευρετήριο και βιβλιογραφίες:p(465-476)
|
| 650 |
|
4 |
|a Νομισματική πολιτική
|
| 650 |
|
4 |
|a Οικονομία
|
| 650 |
|
4 |
|a Χρήμα
|
| 650 |
|
4 |
|a Χρηματοοικονομική
|
| 700 |
1 |
|
|a Harris, Laurence
|
| 710 |
0 |
|
|a McGraw-Hill
|
| 942 |
|
|
|2 ddc
|
| 952 |
|
|
|0 0
|1 0
|2 ddc
|4 0
|6 332_400000000000000_HAR
|7 0
|9 265760
|a MSLG
|b MSLG
|c BSC
|d 2021-01-17
|e 24
|f 0
|g 0.00
|l 0
|o 332.4 HAR
|p 2420000009238
|r 2021-01-17 00:00:00
|t 1
|w 2021-01-17
|y BK15
|x 19991111 0 1
|x GrPaTEI
|
| 971 |
|
|
|a .b25725695
|b 15-04-20
|c 13-09-16
|
| 999 |
|
|
|c 152767
|d 152767
|